• AIU
  • Tony Wilmot Memorial Library
Normal view MARC view

Entry Topical Term

Number of records used in: 1

001 - CONTROL NUMBER

  • control field: 32111

003 - CONTROL NUMBER IDENTIFIER

  • control field: OSt

005 - DATE AND TIME OF LATEST TRANSACTION

  • control field: 20141006093151.0

008 - FIXED-LENGTH DATA ELEMENTS

  • fixed length control field: 141006|| aca||aabn | a|a d

040 ## - CATALOGING SOURCE

  • Original cataloging agency: OSt
  • Transcribing agency: OSt

600 ## -

  • : Missions
  • : Congo (Democratic Republic)

670 ## - SOURCE DATA FOUND

  • Source citation: Work cat.: (OSt)0: Reeve, Thomas Ellis. 32109, In Wembo-Nyama's land,, 1921.